वस्तुनिष्ठ मध्यप्रदेश (Record no. 62398)
[ view plain ]
| 000 -LEADER | |
|---|---|
| fixed length control field | 00548nam a22001457a 4500 |
| 003 - CONTROL NUMBER IDENTIFIER | |
| control field | MACL |
| 005 - DATE AND TIME OF LATEST TRANSACTION | |
| control field | 20200312165623.0 |
| 008 - FIXED-LENGTH DATA ELEMENTS--GENERAL INFORMATION | |
| fixed length control field | 200312b xxu||||| |||| 00| 0 eng d |
| 040 ## - CATALOGING SOURCE | |
| Transcribing agency | MACL |
| 100 ## - MAIN ENTRY--PERSONAL NAME | |
| Personal name | श्रीवास्वत,वत्सला दिव्य ऋषि |
| 9 (RLIN) | 78638 |
| 245 ## - TITLE STATEMENT | |
| Title | वस्तुनिष्ठ मध्यप्रदेश |
| 260 ## - PUBLICATION, DISTRIBUTION, ETC. (IMPRINT) | |
| Place of publication, distribution, etc. | इन्दौर |
| Name of publisher, distributor, etc. | तक्षशिला पब्लिकेशन |
| Date of publication, distribution, etc. | 2020 |
| 650 ## - SUBJECT ADDED ENTRY--TOPICAL TERM | |
| Topical term or geographic name as entry element | सा. अध्ययन |
| 9 (RLIN) | 73115 |
| 942 ## - ADDED ENTRY ELEMENTS (KOHA) | |
| Source of classification or shelving scheme | |
| Koha item type | Hindi Books |
| Withdrawn status | Lost status | Source of classification or shelving scheme | Damaged status | Not for loan | Home library | Current library | Date acquired | Cost, normal purchase price | Total Checkouts | Full call number | Barcode | Date last seen | Price effective from | Koha item type | Date last checked out |
|---|---|---|---|---|---|---|---|---|---|---|---|---|---|---|---|
| MACL | MACL | 12/03/2020 | 175.00 | 001 | GCLC00491 | 12/03/2020 | 12/03/2020 | Hindi Books | |||||||
| MACL | MACL | 12/03/2020 | 175.00 | 001 | GCLC00492 | 12/03/2020 | 12/03/2020 | Hindi Books | |||||||
| MACL | MACL | 12/03/2020 | 175.00 | 001 | GCLC00493 | 12/03/2020 | 12/03/2020 | Hindi Books | |||||||
| MACL | MACL | 12/03/2020 | 175.00 | 001 | GCLC00494 | 12/03/2020 | 12/03/2020 | Hindi Books | |||||||
| MACL | MACL | 12/03/2020 | 175.00 | 001 | GCLC00495 | 12/03/2020 | 12/03/2020 | Hindi Books | |||||||
| MACL | MACL | 12/03/2020 | 175.00 | 1 | 001 | GCLC00496 | 10/03/2021 | 12/03/2020 | Hindi Books | 04/03/2021 |









